Capitals of North America Quiz Stats

 Plays Quiz Updated Mar 9, 2018

Score 0/23 Timer 05:00
22 Plays Today
% Correct
Washington, D.C.,
United States of America
95.6%
Mexico City,
Mexico
95.1%
Ottawa,
Canada
91.7%
Havana,
Cuba
91.6%
Panama City,
Panama
90.9%
Kingston,
Jamaica
87.7%
San Salvador,
El Salvador
86.7%
Guatemala City,
Guatemala
83.3%
Port-au-Prince,
Haiti
81.8%
San Jose,
Costa Rica
77.6%
Nassau,
Bahamas
77.1%
Managua,
Nicaragua
74.2%
% Correct
Santo Domingo,
Dominican Republic
72.9%
Port of Spain,
Trinidad and Tobago
68.2%
Belmopan,
Belize
67.5%
Tegucigalpa,
Honduras
64.6%
Bridgetown,
Barbados
63.9%
St. John's,
Antigua and Barbuda
63%
St. George's,
Grenada
61.1%
Kingstown,
Saint Vincent & Grenadines
60.3%
Roseau,
Dominica
57.8%
Castries,
Saint Lucia
54.5%
Basseterre,
Saint Kitts and Nevis
54%

You're not logged in!

Compare scores with friends on all Sporcle quizzes.
OR
Log In

Sporcle TV

Today on Sporcle TV


Watch our educational content, quiz creation guides, and fun videos on Sporcle TV.

Show Comments

Extras

Top Quizzes Today


Score Distribution

Your Account Isn't Verified!

In order to create a playlist on Sporcle, you need to verify the email address you used during registration. Go to your Sporcle Settings to finish the process.

Report this User

Report this user for behavior that violates our Community Guidelines.

Details: